00455 2200157 4500001002100000005001500021035002000036245010200056100001100158300002800169260004400197082000800241084001400249020002200263990001200285INLIS00000000000305020250919074854 a0010-09250003971 aEvaluasi Pendidikan :bPenyusunan Kisi - Kisi, Penulisan & Analisis Butir Soal /cDr. Safari, M.A0 aSafari a486 hlm ;c17,5 x 25 cm aJakarta :bEsensi Erlangga Group,c2019 a370 a370 SAF e a978-602-6847-92-8 a0755585